近畿の駅100選 - Statistics

General Stats
  • This quiz has been taken 206 times
  • The average score is 33 of 100
Answer Stats
路線 Answer % Correct
JR 大阪
97%
JR 京都
90%
JR 神戸
83%
JR 新大阪
78%
JR 三ノ宮
77%
JR 姫路
75%
JR 尼崎
69%
JR 天王寺
69%
京阪 京橋
68%
JR 奈良
67%
南海 難波
64%
阪急 宝塚
62%
Osaka Metro 梅田
59%
阪急 大阪梅田
59%
JR/南海 関西空港
58%
南海
55%
嵐電 | 阪急 嵐山
53%
近鉄 大阪上本町
51%
JR/京都丹後鉄道 西舞鶴
50%
北大阪急行 千里中央
49%
JR 彦根
48%
阪急 十三
48%
阪急/能勢電鉄 川西能勢口
47%
阪神 甲子園
47%
南海 和歌山市
47%
京都市交通局 山科
46%
京都丹後鉄道 天橋立
46%
阪神 芦屋
45%
京阪 枚方市
45%
JR 長浜
44%
近鉄 生駒
43%
京阪 宇治
43%
泉北高速鉄道 和泉中央
39%
神戸高速鉄道 新開地
38%
JR 新長田
37%
JR ユニバーサルシティ
37%
JR 東舞鶴
37%
Osaka Metro 心斎橋
37%
水間鉄道 水間観音
37%
信楽高原鉄道 信楽
37%
近鉄 橿原神宮前
36%
JR 二条
35%
大阪モノレール 万博記念公園
35%
京都市交通局 烏丸御池
35%
叡山電鉄 鞍馬
34%
JR 播州赤穂
33%
JR 舞子
32%
JR 大阪城公園
32%
JR 城崎温泉
32%
近鉄 大阪阿部野橋
31%
京阪 萱島
31%
南海 高野山
31%
京都市交通局 国際会館
31%
近鉄 吉野
30%
嵯峨野観光鉄道 トロッコ保津峡
30%
神戸電鉄 有馬温泉
30%
阪神 武庫川
29%
阪急 伊丹
27%
能勢電鉄 日生中央
27%
南海 浜寺公園
25%
神戸市交通局 西神中央
25%
阪急 夙川
24%
南海 みさき公園
23%
Osaka Metro コスモスクエア
22%
近江鉄道 八日市
22%
京阪 私市
21%
JR 稲荷
19%
阪堺 天王寺駅前
19%
近鉄 学園前
18%
阪急 甲陽園
17%
京都丹後鉄道 大江
17%
山陽 須磨浦公園
17%
神戸電鉄 ウッディタウン中央
15%
京阪 坂本比叡山口
14%
JR 餘部
13%
阪神 香櫨園
13%
南海 林間田園都市
13%
京都丹後鉄道 網野
12%
山陽 人丸前
12%
京阪 びわこ浜大津
11%
六甲ライナー アイランドセンター
11%
JR 海南
9%
Osaka Metro 鶴見緑地
9%
近鉄 大和高田
9%
近鉄 福神
9%
阪堺 住吉公園
9%
神戸市交通局 みなと元町
9%
JR 日本へそ公園
7%
JR 那智
7%
嵐電 御室仁和寺
7%
神戸電鉄 恵比寿
7%
智頭急行 平福
7%
六甲ケーブル 六甲山上
7%
摩耶ケーブル 摩耶ケーブル
7%
JR 周参見
5%
比叡山鉄道 ケーブル延暦寺
5%
JR 北宇智
4%
南海 諏訪ノ森
4%
近江鉄道 鳥居本
3%
No matching quizzes found
Score Distribution
Percent of People with Each Score
Percentile by Number Answered
Your Score History
You have not taken this quiz